000 00582nam a2200229#a 4500
001 02030
003 HDC
007 ta
008 230623s2013 xx 000 0 eng d
020 _a2289-2001 (pbk).
040 _aHDC
050 _atm HG4244.66
_b .Y45 2013
245 0 _aYellow pages :
_bdestination Malaysia.
264 _aSelangor :
_bTM Company,
_c2013-.
300 _av. :
_b col. ill. ;
_c 25cm.
650 _aBusiness enterprises
_zMalaysia
_vDirectories.
710 _aTM Company.
942 _2lcc
942 _cBK
942 _ktm HG4244.66
942 _m .Y45 2013
999 _c23590
_d23590